Аграрный вестник Урала. 2020, спец. вып.: Биология и биотехнологии (Запись № 12535220)

Подробности
000 -МАРКЕР
контрольное поле 01206nam2a2200265 4500
001 - ИДЕНТИФИКАТОР ЗАПИСИ
контрольное поле RU\NLR\PER_A\003154100_003210
005 - ИДЕНТИФИКАТОР ВЕРСИИ
контрольное поле 20250624075354.0
035 ## - ДРУГИЕ СИСТЕМНЫЕ НОМЕРА
Идентификатор записи (NLR Aleph) 012585348
100 ## - ДАННЫЕ ОБЩЕЙ ОБРАБОТКИ
Данные общей обработки 20210825d2020 |||y0rusy50 ca
101 0# - ЯЗЫК РЕСУРСА
Язык текста, звукозаписи и т.д. русский
102 ## - СТРАНА ПУБЛИКАЦИИ ИЛИ ПРОИЗВОДСТВА
Страна публикации Российская Федерация
200 1# - ЗАГЛАВИЕ И СВЕДЕНИЯ ОБ ОТВЕТСТВЕННОСТИ
Основное заглавие Биология и биотехнологии
Параллельное заглавие Biology and biotechnologies
210 ## - ПУБЛИКАЦИЯ, РАСПРОСТРАНЕНИЕ И ДР.
Дата издания, распространения и т.д. 2020
Место издания, распространения и т.д. Б. м.
461 #0 - УРОВЕНЬ НАБОРА
Встроенное поле 001RU\NLR\INFOCOMM9\5000118333
-- 2001#$aАграрный вестник Урала$eВсерос. аграр. журн.$v2020, спец. вып.
Системный номер (АБИС) связанной записи 3032234
Место публикации Екатеринбург
Дата публикации 2003 -
Имя издателя, распространителя и т.д. Урал. гос. с.-х. акад.
Сведения, относящиеся к заглавию Всерос. аграр. журн.
Заглавие Аграрный вестник Урала
ISSN 1997-4868
Номер тома 2020, спец. вып.
510 1# - ПАРАЛЛЕЛЬНОЕ ЗАГЛАВИЕ
Параллельное заглавие Biology and biotechnologies
Язык заглавия английский
606 1# - НАИМЕНОВАНИЕ ТЕМЫ КАК ПРЕДМЕТ
Наименование темы Агробиология
Формальный подзаголовок Сборники
Системный номер авторитетной/нормативной записи 896130
Идентификатор авторитетной/нормативной записи RU\NLR\AUTH\664780
606 1# - НАИМЕНОВАНИЕ ТЕМЫ КАК ПРЕДМЕТ
Наименование темы Биотехнология
Формальный подзаголовок Сборники
Тематический подзаголовок Применение в сельском хозяйстве
Системный номер авторитетной/нормативной записи 2100541
Идентификатор авторитетной/нормативной записи RU\NLR\AUTH\661270428
686 1# - ИНДЕКСЫ ДРУГИХ КЛАССИФИКАЦИЙ
Индекс П00я43
686 1# - ИНДЕКСЫ ДРУГИХ КЛАССИФИКАЦИЙ
Индекс П.в76.я43
852 ## - МЕСТОНАХОЖДЕНИЕ И ШИФР ХРАНЕНИЯ
Идентификатор организации NLR
Шифр хранения (Call Number) П14/1053
942 ## - ДОПОЛНИТЕЛЬНЫЕ ЭЛЕМЕНТЫ ЗАПИСИ (АБИС)
Тип экземпляра АБИС Выпуск
980 ## - КОЛЛЕКЦИЯ
Название коллекции Национальная библиография
980 ## - КОЛЛЕКЦИЯ
Название коллекции Русская периодика

Нет доступных экземпляров.